Studies in co-operative farming in Israel (Record no. 427488)

000 -LEADER
fixed length control field 00320cam a22001097a 4500
008 - FIXED-LENGTH DATA ELEMENTS--GENERAL INFORMATION
fixed length control field 180718b xxu||||| |||| 00| 0 eng d
082 ## - DEWEY DECIMAL CLASSIFICATION NUMBER
Classification number Z41x5694 G699
100 ## - MAIN ENTRY--PERSONAL NAME
Personal name Goswami, Radharaman
245 ## - TITLE STATEMENT
Title Studies in co-operative farming in Israel
Statement of responsibility, etc. by Radharaman Goswami
260 ## - PUBLICATION, DISTRIBUTION, ETC.
Place of publication, distribution, etc. Calcutta
Name of publisher, distributor, etc. Government Press
Date of publication, distribution, etc.
300 ## - PHYSICAL DESCRIPTION
Extent 161+p.
Holdings
Withdrawn status Lost status Damaged status Not for loan Permanent Location Current Location Date acquired Full call number Barcode Date last seen Price effective from Koha item type
        Indian Institute of Public Administration Indian Institute of Public Administration 2009-11-18 Z41x5694 G699 22674 2018-07-21 2018-07-21 Book

Powered by Koha